Dake's annotated reference Bible : (Запис № 486156)

МАРК-запис
000 -LEADER
fixed length control field 01833cam a2200373Ia 4500
001 - CONTROL NUMBER
control field dakesannotatedre00dake
003 - CONTROL NUMBER IDENTIFIER
control field CaSfIA
005 - DATE AND TIME OF LATEST TRANSACTION
control field 20210118000808.0
007 - PHYSICAL DESCRIPTION FIXED FIELD--GENERAL INFORMATION
fixed length control field cr||||
008 - FIXED-LENGTH DATA ELEMENTS--GENERAL INFORMATION
fixed length control field 930830s1991 gauab 001 0 eng d
040 ## - CATALOGING SOURCE
Original cataloging agency OCO
Transcribing agency OCO
Modifying agency OCLCQ
-- OCLCG
-- YDXCP
-- JTB
-- CaSfIA
019 ## -
-- 55004838
020 ## - INTERNATIONAL STANDARD BOOK NUMBER
International Standard Book Number 1558290125 (pbk.) :
Terms of availability $34.95
020 ## - INTERNATIONAL STANDARD BOOK NUMBER
International Standard Book Number 9781558290129 (pbk.)
020 ## - INTERNATIONAL STANDARD BOOK NUMBER
International Standard Book Number 1558290745
020 ## - INTERNATIONAL STANDARD BOOK NUMBER
International Standard Book Number 9781558290747
035 ## - SYSTEM CONTROL NUMBER
System control number (OCoLC)28715913
Canceled/invalid control number (OCoLC)55004838
092 ## - LOCALLY ASSIGNED DEWEY CALL NUMBER (OCLC)
Classification number 220.52034
Item number B582d, 1991
130 0# - MAIN ENTRY--UNIFORM TITLE
Uniform title Bible.
Language of a work English.
Version Authorized.
Date of a work 1991.
245 10 - TITLE STATEMENT
Title Dake's annotated reference Bible :
Medium [electronic resource]
Remainder of title the Holy Bible, containing the Old and New Testaments of the Authorized or King James version text /
Statement of responsibility, etc by Finis Jennings Dake.
250 ## - EDITION STATEMENT
Edition statement Standard size ed.
260 ## - PUBLICATION, DISTRIBUTION, ETC. (IMPRINT)
Place of publication, distribution, etc Lawrenceville, Ga. :
Name of publisher, distributor, etc Dake Bible Sales,
Date of publication, distribution, etc c1991.
300 ## - PHYSICAL DESCRIPTION
Extent 944, 324, 131 p. :
Other physical details ill., maps ;
Dimensions 26 cm.
500 ## - GENERAL NOTE
General note "With four equal-sized columns on each page -- two of text and two of notes and comments, self-pronouncing text, and a complete concordance and cyclopedia index."
500 ## - GENERAL NOTE
General note Includes index.
506 ## - RESTRICTIONS ON ACCESS NOTE
Standardized terminology for access restriction Необхідна авторизація на https://archive.org/ (створення облікового запису безкоштовно)
506 ## - RESTRICTIONS ON ACCESS NOTE
Standardized terminology for access restriction Необхідна авторизація на https://openlibrary.org/ (створення облікового запису безкоштовно)
630 00 - SUBJECT ADDED ENTRY--UNIFORM TITLE
Uniform title Bible
Form subdivision Reference editions.
700 1# - ADDED ENTRY--PERSONAL NAME
Personal name Dake, Finis,
Dates associated with a name 1902-
740 01 - ADDED ENTRY--UNCONTROLLED RELATED/ANALYTICAL TITLE
Uncontrolled related/analytical title Annotated reference Bible.
856 41 - ELECTRONIC LOCATION AND ACCESS
Uniform Resource Identifier <a href="http://www.archive.org/details/dakesannotatedre00dake">http://www.archive.org/details/dakesannotatedre00dake</a>
Public note Free eBook from the Internet Archive
856 42 - ELECTRONIC LOCATION AND ACCESS
Uniform Resource Identifier <a href="http://www.openlibrary.org/books/OL24621078M">http://www.openlibrary.org/books/OL24621078M</a>
Public note Additional information and access via Open Library
942 ## - ADDED ENTRY ELEMENTS (KOHA)
Koha item type ЕКнига

Немає доступних примірників.